[Event "198th YMCA Spring A"]
[Site "Warsaw"]
[Date "2018.05.04"]
[Round "5"]
[White "Choroszej, Aleksander"]
[Black "Moskwinski, Marek"]
[Result "1-0"]
[WhiteElo "1993"]
[BlackElo "1855"]
[PlyCount "97"]
[EventDate "2018.04.06"]
[EventType "tourn"]
[EventRounds "1"]
[EventCountry "POL"]
[SourceDate "2018.04.06"]

1. d4 Nf6 2. c4 e6 3. Nc3 Bb4 4. f3 d5 5. a3 Bxc3+ 6. bxc3 c5 7. cxd5 exd5 8.
e3 c4 9. Ne2 Nc6 10. Ng3 O-O 11. Be2 Re8 12. O-O Na5 13. Rb1 Nb3 14. e4 Nxc1
15. Qxc1 dxe4 16. fxe4 Nxe4 17. Nxe4 Rxe4 18. Bxc4 Re7 19. Qf4 Be6 20. Bxe6
fxe6 21. Rbe1 Qd7 22. Qe4 Rae8 $11 23. Rf3 Qd5 24. Qf4 h6 25. Rfe3 Rf7 26. Qg4
Rf6 27. Qe2 Rc8 28. h3 Qb3 29. Qd3 Qxa3 30. d5 Qd6 31. Rxe6 Rxe6 32. Rxe6 Qc5+
33. Kh2 Qxc3 34. Qe4 Qc7+ 35. d6 Qd7 36. Qd5 Qf7 37. Qe5 Rd8 38. Re7 Qf6 39.
Re8+ Rxe8 40. Qxe8+ Kh7 41. Qe4+ Kh8 42. Qd3 Qf4+ 43. g3 Qf2+ 44. Kh1 Qe1+ 45.
Kg2 Qe8 46. d7 Qd8 47. Qd5 Kh7 48. Qe4+ g6 49. Qe8 1-0

[Event "198th YMCA Spring A"]
[Site "Warsaw"]
[Date "2018.05.16"]
[Round "5"]
[White "Liberadzki, Slawomir"]
[Black "Kaminski, Jan"]
[Result "0-1"]
[WhiteElo "1991"]
[BlackElo "1934"]
[PlyCount "102"]
[EventDate "2018.04.06"]
[EventType "tourn"]
[EventRounds "1"]
[EventCountry "POL"]
[SourceDate "2018.04.06"]

1. c4 e5 2. Nc3 Nf6 3. g3 Bc5 4. Bg2 d6 5. Nf3 a6 6. O-O Nc6 7. a3 O-O 8. b4
Ba7 9. Bb2 Be6 10. d3 h6 11. e4 Nd4 12. Nxd4 Bxd4 13. Qc2 Ba7 14. Ne2 Qd7 15.
d4 exd4 16. Nxd4 Bh3 17. Nf5 Bxg2 18. Kxg2 Qe6 19. f3 Ne8 20. Qc3 f6 21. Rfd1
Kh7 22. Rd3 g6 23. Ne3 Bxe3 24. Rxe3 Ng7 25. Rd1 Rae8 26. c5 dxc5 27. Qxc5 Qa2
28. Qc3 Rf7 29. Red3 Qe6 30. R1d2 f5 31. Re3 Nh5 32. Rde2 f4 33. Rd3 fxg3 34.
hxg3 Qe7 35. Bc1 c6 36. Qd2 g5 37. Rd6 Qe5 38. f4 gxf4 39. Rf2 Qxe4+ 40. Kg1
Nxg3 41. Rh2 Qe1+ 42. Qxe1 Rxe1+ 43. Kg2 Nf5 44. Bxf4 Re2+ 45. Kh3 Rxh2+ 46.
Kxh2 Nxd6 47. Bxd6 Rf3 48. a4 h5 49. Kg2 Rd3 50. Bc5 Kg6 51. a5 Kf5 0-1

[Event "198th YMCA Spring A"]
[Site "Warsaw"]
[Date "2018.05.10"]
[Round "6"]
[White "Tychulski, Krzysztof"]
[Black "Kaminski, Jan"]
[Result "0-1"]
[WhiteElo "1891"]
[BlackElo "1934"]
[PlyCount "168"]
[EventDate "2018.04.06"]
[EventType "tourn"]
[EventRounds "1"]
[EventCountry "POL"]
[SourceDate "2018.04.06"]

1. e4 c5 2. Nf3 g6 3. c4 Nc6 4. d4 cxd4 5. Nxd4 Bg7 6. Be3 Nf6 7. Nc3 Ng4 8.
Qxg4 Nxd4 9. Qd1 Ne6 10. Qd2 Qa5 11. Be2 b6 12. Rc1 Bb7 13. f3 h5 14. O-O g5
15. Rfd1 d6 16. a3 h4 17. Nd5 Qxd2 18. Rxd2 Be5 19. b4 f6 20. h3 Kf7 21. Bd1
Rhc8 22. Bb3 Bxd5 23. exd5 Nf4 24. Rcc2 Kf8 25. Ba4 Nh5 26. Bd7 Rc7 27. Bc6
Rac8 28. b5 Bf4 29. Bxf4 Nxf4 30. a4 Kf7 31. a5 e6 32. dxe6+ Kxe6 33. axb6 axb6
34. Rc3 Rxc6 35. bxc6 Rxc6 36. Rb2 Ke5 37. Rcb3 Rxc4 38. Rxb6 Rc1+ 39. Kh2 d5
40. Rd2 d4 41. Rb5+ Nd5 42. Re2+ Kd6 43. Rd2 Ke5 44. Ra2 Kd6 45. Ra6+ Rc6 46.
Ra4 Ke5 47. Raa5 Rd6 48. Kg1 Ke6 49. Ra1 Nf4 50. Re1+ Kd7 51. Rb3 d3 52. Kf2
Rc6 53. Rd1 Rc2+ 54. Kf1 Ke6 55. Rbxd3 Rxg2 56. Re1+ Kf5 57. Rd5+ Kg6 58. Rd4
Rh2 59. Rxf4 gxf4 60. Re8 Rxh3 61. Rg8+ Kf7 62. Rg4 Rxf3+ 63. Ke2 Rh3 64. Rxf4
Kg6 65. Kf2 Kg5 66. Ra4 Rg3 67. Rb4 f5 68. Ra4 Rb3 69. Kg2 f4 70. Ra8 h3+ 71.
Kh2 Kf5 72. Rf8+ Ke4 73. Re8+ Kf5 74. Rf8+ Kg4 75. Rg8+ Kf3 76. Kxh3 Ke2+ 77.
Kh2 f3 78. Ra8 f2 79. Ra2+ Kf3 80. Ra1 Re3 81. Rb1 Re1 82. Rb3+ Ke4 83. Rb4+
Kd3 84. Rb3+ Kc4 0-1

[Event "198th YMCA Spring A"]
[Site "Warsaw"]
[Date "2018.05.11"]
[Round "6"]
[White "Moskwinski, Marek"]
[Black "Liberadzki, Slawomir"]
[Result "1/2-1/2"]
[WhiteElo "1855"]
[BlackElo "1991"]
[PlyCount "57"]
[EventDate "2018.04.06"]
[EventType "tourn"]
[EventRounds "1"]
[EventCountry "POL"]
[SourceDate "2018.04.06"]

1. e4 c5 2. Nf3 e6 3. d4 cxd4 4. Nxd4 Nc6 5. Nc3 a6 6. Be3 Qc7 7. Qd2 Nf6 8.
O-O-O Bb4 9. f3 d5 10. Nxc6 bxc6 11. Bg5 Be7 12. Qe3 dxe4 13. Bxf6 Bxf6 14.
Nxe4 Be7 15. Bc4 O-O 16. Rd3 h6 17. g3 Bb7 18. Rhd1 Rfd8 19. Nc5 Rxd3 20. Rxd3
Qb6 21. Nxb7 Qxb7 22. Rb3 Qc7 23. f4 Rd8 24. Rd3 a5 25. Rxd8+ Bxd8 26. c3 Be7
27. Bd3 Bf6 28. Qc5 Be7 29. Qe3 $11 1/2-1/2

[Event "198th YMCA Spring A"]
[Site "Warsaw"]
[Date "2018.05.09"]
[Round "6"]
[White "Delega, Tomasz"]
[Black "Choroszej, Aleksander"]
[Result "0-1"]
[WhiteElo "1982"]
[BlackElo "1993"]
[PlyCount "82"]
[EventDate "2018.04.06"]
[EventType "tourn"]
[EventRounds "1"]
[EventCountry "POL"]
[SourceDate "2018.04.06"]

1. e4 g6 2. d4 Bg7 3. Nc3 d6 4. Be3 a6 5. h4 Nf6 6. Qd2 h5 7. Nh3 Bxh3 8. Rxh3
O-O 9. Bh6 b5 10. Bxg7 Kxg7 11. a4 b4 12. Nd5 Nxe4 13. Qxb4 Nc6 14. Qc4 e6 15.
Qxc6 exd5 16. Qxd5 c6 17. Qc4 Re8 18. Be2 d5 19. Qd3 Rb8 20. b3 c5 21. dxc5 Qf6
22. Rc1 Qxf2+ 23. Kd1 Qg1+ 24. Bf1 Nf2+ 25. Kd2 Nxd3 26. Rxd3 d4 27. Rf3 Re3
28. Rxf7+ Kh8 29. Rd1 Rexb3 30. Re7 Re3 31. Rf7 Re5 32. Rf3 d3 33. Rxd3 Qf2+
34. Kc1 Qf4+ 35. R3d2 Rxc5 36. Bxa6 Qf6 37. Rd6 Qb2+ 38. Kd2 Qxc2+ 39. Ke3 Re8+
40. Kf3 Rc3+ 41. Kf4 Qf5# 0-1

[Event "198th YMCA Spring A"]
[Site "Warsaw"]
[Date "2018.05.10"]
[Round "6"]
[White "Borowy, Cezary"]
[Black "Kaczmarska, Joanna"]
[Result "0-1"]
[WhiteElo "2013"]
[BlackElo "1976"]
[PlyCount "66"]
[EventDate "2018.04.06"]
[EventType "tourn"]
[EventRounds "1"]
[EventCountry "POL"]
[SourceDate "2018.04.06"]

1. e4 e6 2. d4 d5 3. Nc3 Bb4 4. Nge2 dxe4 5. a3 Bxc3+ 6. Nxc3 f5 7. Bf4 c6 8.
Be2 Nf6 9. Bh5+ g6 10. Be2 Nbd7 11. Qd2 Nd5 12. Bg5 Qc7 13. Nd1 e5 14. c4 Nf4
15. O-O Nxe2+ 16. Qxe2 exd4 17. f3 h6 18. Bh4 e3 19. Qd3 Qe5 20. Bg3 Qf6 21.
Nxe3 dxe3 22. Qxe3+ Kf7 23. Rfe1 g5 24. Bf2 Nb6 25. Qc5 Rd8 26. Rad1 Be6 27.
Bd4 Qg6 28. Qb4 c5 29. Bxc5 Rxd1 30. Rxd1 Qf6 31. a4 Rd8 32. Re1 Rd7 33. b3 Nc8
0-1

[Event "198th YMCA Spring A"]
[Site "Warsaw"]
[Date "2018.05.11"]
[Round "6"]
[White "Kasperkiewicz, Pawel"]
[Black "Majek, Kacper"]
[Result "0-1"]
[WhiteElo "1999"]
[BlackElo "1939"]
[PlyCount "62"]
[EventDate "2018.04.06"]
[EventType "tourn"]
[EventRounds "1"]
[EventCountry "POL"]
[SourceDate "2018.04.06"]

1. e4 c6 2. d4 d5 3. exd5 cxd5 4. c4 Nf6 5. Nc3 e6 6. Nf3 Bb4 7. Bd3 dxc4 8.
Bxc4 O-O 9. O-O Nbd7 10. Bg5 a6 11. Qb3 Bxc3 12. bxc3 Qc7 13. a4 b6 14. Rab1
Bb7 15. Bxf6 gxf6 16. Nd2 Rac8 17. Rfc1 Kh8 18. Bd3 Qf4 19. Qd1 Rg8 20. g3 f5
21. Qe2 Qh4 22. Nf3 Qh3 23. Qe3 Rg7 24. Bf1 Qh5 25. Bg2 Nf6 26. h3 Nd5 27. Qe5
f6 28. Qxe6 Nf4 29. Qxc8+ Bxc8 30. Rxb6 Ne2+ 31. Kh2 Nxc1 0-1

[Event "198th YMCA Spring A"]
[Site "Warsaw"]
[Date "2018.05.16"]
[Round "7"]
[White "Majek, Kacper"]
[Black "Tychulski, Krzysztof"]
[Result "1-0"]
[WhiteElo "1939"]
[BlackElo "1891"]
[PlyCount "49"]
[EventDate "2018.04.06"]
[EventType "tourn"]
[EventRounds "1"]
[EventCountry "POL"]
[SourceDate "2018.04.06"]

1. e4 c5 2. Nf3 d6 3. g3 Nc6 4. Bg2 g6 5. O-O Bg7 6. c3 Nf6 7. Re1 O-O 8. d4
cxd4 9. cxd4 d5 10. e5 Ne4 11. Nbd2 Nxd2 12. Bxd2 Qb6 13. Bc3 Bg4 14. h4 e6 15.
Qd2 Bxf3 16. Bxf3 a5 17. h5 a4 18. Kg2 Rfd8 19. Rh1 Bxe5 20. dxe5 d4 21. Qh6
dxc3 22. hxg6 fxg6 23. Qxh7+ Kf8 24. Qh8+ Ke7 25. Rh7# 1-0

[Event "198th YMCA Spring A"]
[Site "Warsaw"]
[Date "2018.05.18"]
[Round "7"]
[White "Kaczmarska, Joanna"]
[Black "Kasperkiewicz, Pawel"]
[Result "1-0"]
[WhiteElo "1976"]
[BlackElo "1999"]
[PlyCount "79"]
[EventDate "2018.04.06"]
[EventType "tourn"]
[EventRounds "1"]
[EventCountry "POL"]
[SourceDate "2018.04.06"]

1. e4 e6 2. d4 d5 3. Nd2 a6 4. Bd3 c5 5. dxc5 Bxc5 6. Ne2 Nc6 7. exd5 exd5 8.
c3 Nf6 9. Nb3 Ba7 10. O-O O-O 11. Bg5 Bg4 12. Qc2 h6 13. Bh4 Rc8 14. a3 Re8 15.
h3 Bxe2 16. Bxe2 g5 17. Bg3 Ne4 18. Bh2 Qb6 19. Bg4 Rcd8 20. a4 Ne5 21. Bxe5
Rxe5 22. Nd4 Qc7 23. Rad1 Rde8 24. Qd3 Qc4 25. Qf3 Nd2 26. Qf6 Nxf1 27. Nf5
Rxf5 28. Bxf5 Ng3 29. Bh7+ Kf8 30. Qxh6+ Ke7 31. Qxg5+ Kd7 32. Qxg3 Bb8 33. Qf3
Bd6 34. Qxf7+ Re7 35. Qf5+ Kc7 36. Bg8 Qe2 37. Qb1 Rg7 38. Bxd5 Bc5 39. Rf1 Qe5
40. Qe4 1-0

[Event "198th YMCA Spring A"]
[Site "Warsaw"]
[Date "2018.05.17"]
[Round "7"]
[White "Choroszej, Aleksander"]
[Black "Borowy, Cezary"]
[Result "1/2-1/2"]
[WhiteElo "1993"]
[BlackElo "2013"]
[PlyCount "129"]
[EventDate "2018.04.06"]
[EventType "tourn"]
[EventRounds "1"]
[EventCountry "POL"]
[SourceDate "2018.04.06"]

1. d4 e6 2. c4 f5 3. g3 Nf6 4. Bg2 g6 5. Nh3 Bg7 6. O-O O-O 7. Nc3 Nc6 8. e3 d6
9. d5 Ne5 10. Qe2 Qe7 11. Nf4 c6 12. Kh1 exd5 13. cxd5 c5 14. b3 Bd7 15. Bb2 a6
16. Rad1 Rab8 17. Ne6 Bxe6 18. dxe6 Qxe6 19. Rd2 Nf7 20. Nd5 Ne4 21. Rdd1 Rfd8
22. f3 Nf6 23. Nxf6+ Bxf6 24. Bxf6 Qxf6 25. f4 b5 26. e4 Re8 27. Qd3 Rbd8 28.
Rfe1 fxe4 29. Bxe4 Kg7 30. Bd5 Re7 31. Rxe7 Qxe7 32. Rd2 Re8 33. Bxf7 Kxf7 34.
Qxd6 Qxd6 35. Rxd6 Re1+ 36. Kg2 Re2+ 37. Kf3 Rxa2 38. Rd7+ Kg8 39. Rc7 Ra3 40.
Ke4 Rxb3 41. Ke5 Rd3 42. g4 c4 43. f5 gxf5 44. gxf5 c3 45. Kf6 Rd8 46. Rxc3 Rb8
47. Rc7 b4 48. Rg7+ Kh8 49. Rg2 b3 50. Rb2 Kg8 51. Ke7 a5 52. f6 Rb7+ 53. Ke8
Rb8+ 54. Ke7 Rb7+ 55. Ke8 a4 56. Rg2+ Kh8 57. f7 Rb8+ 58. Ke7 a3 59. f8=Q+ Rxf8
60. Kxf8 h5 61. Kf7 b2 62. Rg8+ Kh7 63. Rg7+ Kh6 64. Rg6+ Kh7 65. Rg5 $11
1/2-1/2

[Event "198th YMCA Spring A"]
[Site "Warsaw"]
[Date "2018.05.18"]
[Round "7"]
[White "Liberadzki, Slawomir"]
[Black "Delega, Tomasz"]
[Result "1/2-1/2"]
[WhiteElo "1991"]
[BlackElo "1982"]
[PlyCount "74"]
[EventDate "2018.04.06"]
[EventType "tourn"]
[EventRounds "1"]
[EventCountry "POL"]
[SourceDate "2018.04.06"]

1. e4 d6 2. d4 Nf6 3. f3 e5 4. dxe5 dxe5 5. Qxd8+ Kxd8 6. Bc4 Ke8 7. Nc3 Bb4 8.
Nge2 c6 9. Be3 Nbd7 10. a3 Bc5 11. Kf2 Ke7 12. Rhd1 Bxe3+ 13. Kxe3 Nb6 14. Ba2
Be6 15. Bxe6 Kxe6 16. b3 Rad8 17. Rd3 Rxd3+ 18. cxd3 Rd8 19. d4 g6 20. Rd1
exd4+ 21. Rxd4 Rxd4 22. Nxd4+ Kd6 23. g4 h6 24. h4 a5 25. g5 hxg5 26. hxg5 Nfd7
27. f4 a4 28. e5+ Ke7 29. Nxa4 Nxa4 30. bxa4 Nb6 31. Nb3 Nxa4 32. Na5 Nc5 33.
Kd4 Ne6+ 34. Ke4 Nc5+ 35. Kd4 Ne6+ 36. Ke4 Nc5+ 37. Kd4 Ne6+ 1/2-1/2

[Event "198th YMCA Spring A"]
[Site "Warsaw"]
[Date "2018.05.17"]
[Round "7"]
[White "Kaminski, Jan"]
[Black "Moskwinski, Marek"]
[Result "1/2-1/2"]
[WhiteElo "1934"]
[BlackElo "1855"]
[PlyCount "119"]
[EventDate "2018.04.06"]
[EventType "tourn"]
[EventRounds "1"]
[EventCountry "POL"]
[SourceDate "2018.04.06"]

1. e4 e5 2. Nf3 Nc6 3. Bc4 Bc5 4. b4 Bxb4 5. c3 Ba5 6. d4 exd4 7. O-O dxc3 8.
Qb3 Qf6 9. e5 Qg6 10. Nxc3 Nge7 11. Nd5 Nxd5 12. Bxd5 O-O 13. Bf4 Nb4 14. Bd2
Nxd5 15. Bxa5 c6 16. Rad1 b6 17. Bd2 Ba6 18. Rfe1 Bb5 19. Bc1 Ba6 20. Nd4 Rfe8
21. f4 Qg4 22. h3 Qh5 23. Qa3 Bc8 24. g4 Qh4 25. Nf5 Qd8 26. Nd6 Rf8 27. f5 b5
28. Kh2 b4 29. Qd3 Qh4 30. Ne4 h6 31. Qf3 Nc3 32. Nxc3 bxc3 33. Rg1 Rb8 34.
Qxc3 Qf2+ 35. Rg2 Qb6 36. f6 c5 37. fxg7 Re8 38. Ba3 Qe6 39. Bxc5 Bb7 40. Rb2
Bc6 41. Bxa7 Rxb2+ 42. Qxb2 Qxe5+ 43. Qxe5 Rxe5 44. Rd2 f6 45. Bd4 Rd5 46. Kg3
Kxg7 47. a3 Kg6 $11 48. Kf4 f5 49. h4 fxg4 50. Kxg4 h5+ 51. Kg3 Rb5 52. Rd3 Be4
53. Rc3 Bc6 54. Bc5 Rb2 55. Be7 Rg2+ 56. Kf4 Rf2+ 57. Kg3 Rg2+ 58. Kh3 Rf2 59.
Rg3+ Kf7 60. Bc5 $11 1/2-1/2

[Event "198th YMCA Spring A"]
[Site "Warsaw"]
[Date "2018.05.24"]
[Round "8"]
[White "Delega, Tomasz"]
[Black "Kaminski, Jan"]
[Result "0-1"]
[WhiteElo "1982"]
[BlackElo "1934"]
[PlyCount "92"]
[EventDate "2018.04.06"]
[EventType "tourn"]
[EventRounds "1"]
[EventCountry "POL"]
[SourceDate "2018.04.06"]

1. d4 Nf6 2. Nf3 c5 3. d5 b5 4. Bg5 Qa5+ 5. c3 d6 6. Nbd2 g6 7. Bxf6 exf6 8. a4
Bg7 9. e3 bxa4 10. Rxa4 Qc7 11. Re4+ Kf8 12. Bb5 Nd7 13. O-O f5 14. Ra4 Nb6 15.
Ra2 Nxd5 16. Nc4 Be6 17. Ra6 Rd8 18. Qa1 Qb8 19. Qa4 Nc7 20. Rxd6 Rxd6 21. Nxd6
Ke7 22. Bc4 Kxd6 23. Rd1+ Ke7 24. Bxe6 Nxe6 25. Rd7+ Kf6 26. Qh4+ g5 27. Qh5
Rf8 28. h4 h6 29. e4 Nf4 30. hxg5+ Ke6 31. exf5+ Kxd7 32. Qg4 h5 33. Qh4 Bxc3
34. bxc3 Qb1+ 35. Kh2 Qxf5 36. g3 Qh3+ 37. Qxh3+ Nxh3 38. Kxh3 Ke6 39. Kh4 Kf5
40. Nd2 a5 41. Nb3 a4 42. Nxc5 a3 43. Nb3 a2 44. f4 Rb8 45. Nd4+ Ke4 46. Nc2
Rb2 0-1

[Event "198th YMCA Spring A"]
[Site "Warsaw"]
[Date "2018.05.24"]
[Round "8"]
[White "Borowy, Cezary"]
[Black "Liberadzki, Slawomir"]
[Result "1/2-1/2"]
[WhiteElo "2013"]
[BlackElo "1991"]
[PlyCount "84"]
[EventDate "2018.04.06"]
[EventType "tourn"]
[EventRounds "1"]
[EventCountry "POL"]
[SourceDate "2018.04.06"]

1. Nf3 c5 2. c4 Nc6 3. g3 g6 4. Bg2 Bg7 5. Nc3 e6 6. d4 cxd4 7. Nb5 d5 8. cxd5
Qa5+ 9. Nd2 Qxb5 10. dxc6 Ne7 11. a4 Qb4 12. b3 Nxc6 13. Ba3 Qa5 14. O-O Bf8
15. Nc4 Qd8 16. Bd6 Bxd6 17. Bxc6+ bxc6 18. Qxd4 O-O 19. Nxd6 Ba6 20. Rfe1 Qe7
21. Qc5 Rac8 22. Ne4 Rc7 23. Rad1 Qxc5 24. Nxc5 Bc8 25. e4 e5 26. f3 Be6 27.
Rd6 Re8 28. Rc1 a5 29. Kg2 Kg7 30. Nxe6+ Rxe6 31. Rxe6 fxe6 32. Rc5 Kf6 33. g4
h6 34. h4 Rb7 35. Rxc6 Rxb3 36. Rc5 g5 37. h5 Rb2+ 38. Kg3 Ra2 39. Rxa5 Ra3 40.
Ra8 Kg7 41. Ra7+ Kf6 42. Rh7 Rxf3+ 1/2-1/2

[Event "198th YMCA Spring A"]
[Site "Warsaw"]
[Date "2018.05.25"]
[Round "8"]
[White "Kasperkiewicz, Pawel"]
[Black "Choroszej, Aleksander"]
[Result "0-1"]
[WhiteElo "1999"]
[BlackElo "1993"]
[PlyCount "48"]
[EventDate "2018.04.06"]
[EventType "tourn"]
[EventRounds "1"]
[EventCountry "POL"]
[SourceDate "2018.04.06"]

1. d4 g6 2. Nc3 Bg7 3. Bf4 d6 4. Qd2 Nc6 5. Nf3 Bg4 6. d5 Nb8 7. O-O-O c5 8.
dxc6 Nxc6 9. h3 Be6 10. e3 Rc8 11. Nd4 Bd7 12. Kb1 Nf6 13. g4 O-O 14. Nb3 Nb4
15. a3 Nbd5 16. Nxd5 Nxd5 17. Bg5 Nb6 18. Qa5 Be6 19. Bh4 Bxb3 20. cxb3 Bxb2
21. Bd3 Bc3 22. Qg5 Bf6 23. Qh6 Bg7 24. Qf4 Nd5 0-1

[Event "198th YMCA Spring A"]
[Site "Warsaw"]
[Date "2018.05.30"]
[Round "8"]
[White "Majek, Kacper"]
[Black "Kaczmarska, Joanna"]
[Result "1-0"]
[WhiteElo "1939"]
[BlackElo "1976"]
[PlyCount "77"]
[EventDate "2018.04.06"]
[EventType "tourn"]
[EventRounds "1"]
[EventCountry "POL"]
[SourceDate "2018.04.06"]

1. Nf3 d5 2. g3 Nf6 3. Bg2 g6 4. O-O Bg7 5. d3 O-O 6. Nbd2 Nc6 7. e4 dxe4 8.
dxe4 e5 9. c3 Qe7 10. Qe2 Ne8 11. Nc4 Be6 12. Rd1 h6 13. h4 Kh7 14. Ne3 f6 15.
g4 Qf7 16. Bh3 Nd6 17. Qc2 Kh8 18. b3 f5 19. exf5 gxf5 20. gxf5 Nxf5 21. Nxf5
Qg6+ 22. Kh1 Bxf5 23. Bxf5 Rxf5 24. Be3 e4 25. Qxe4 Re8 26. Qc2 Qh5 27. Nh2 Be5
28. Rd5 Qf7 29. Rad1 Rh5 30. Rd7 Ne7 31. f4 Rxh4 32. Qf2 Qh5 33. fxe5 Rxh2+ 34.
Qxh2 Qf3+ 35. Qg2 Qh5+ 36. Kg1 Rg8 37. Rd8 Qxd1+ 38. Rxd1 Rxg2+ 39. Kxg2 1-0

[Event "198th YMCA Spring A"]
[Site "Warsaw"]
[Date "2018.05.29"]
[Round "9"]
[White "Choroszej, Aleksander"]
[Black "Majek, Kacper"]
[Result "1/2-1/2"]
[WhiteElo "1993"]
[BlackElo "1939"]
[PlyCount "141"]
[EventDate "2018.04.06"]
[EventType "tourn"]
[EventRounds "1"]
[EventCountry "POL"]
[SourceDate "2018.04.06"]

1. d4 Nf6 2. c4 e6 3. Nc3 Bb4 4. f3 d5 5. a3 Bxc3+ 6. bxc3 c5 7. cxd5 Nxd5 8.
dxc5 f5 9. Nh3 O-O 10. Nf2 Nd7 11. e4 N5f6 12. exf5 Qa5 13. fxe6 Qxc3+ 14. Bd2
Qe5+ 15. Be2 Nxc5 16. e7 Qxe7 17. O-O Rd8 18. Bc4+ Kh8 19. Qc2 Bd7 20. Bb4 Rdc8
21. Qd2 Qd8 22. Ba2 a5 23. Bc3 b5 24. Rfd1 Qb6 25. Rac1 Be8 26. Bd4 Nfd7 27.
Nd3 Nb3 28. Bxb6 Nxd2 29. Bc7 Ra7 30. Bf4 Nc4 31. a4 Ndb6 32. axb5 Bxb5 33. Ne5
h6 34. Nxc4 Bxc4 35. Bxc4 Rxc4 36. Be3 Rac7 37. Rxc4 Nxc4 38. Rc1 a4 39. Bd4 a3
40. Kf2 Kg8 41. Rc2 Kf7 42. Ke2 Ke6 43. Kd3 Kd5 44. Ba1 g6 45. f4 h5 46. g3 Rc6
47. Re2 Rb6 48. Bc3 Rb1 49. Re8 a2 50. Rd8+ Nd6 51. Ra8 Rd1+ 52. Kc2 Rh1 53.
Ra5+ Ke4 54. Kb3 Rxh2 55. Rg5 Kf3 56. Rxg6 Ne4 57. Be5 Nc5+ 58. Ka3 Nd3 59. Bc3
Rg2 60. f5 Rc2 61. Ba1 Rc5 62. f6 Ra5+ 63. Kb3 Ra8 64. Rg5 Nc1+ 65. Kb2 Ne2 66.
Rxh5 Nxg3 67. Rb5 Ke4 68. Rb7 Kd5 69. f7 Ke6 70. f8=Q Rxf8 71. Kxa2 $11 1/2-1/2

[Event "198th YMCA Spring A"]
[Site "Warsaw"]
[Date "2018.06.01"]
[Round "9"]
[White "Liberadzki, Slawomir"]
[Black "Kasperkiewicz, Pawel"]
[Result "1-0"]
[WhiteElo "1991"]
[BlackElo "1999"]
[PlyCount "119"]
[EventDate "2018.04.06"]
[EventType "tourn"]
[EventRounds "1"]
[EventCountry "POL"]
[SourceDate "2018.04.06"]

1. c4 e5 2. Nc3 Bb4 3. Qb3 Nc6 4. Nf3 d6 5. g3 Nf6 6. Bg2 h6 7. Nxe5 Nd4 8.
Qa4+ c6 9. Nd3 Ba5 10. b4 Bb6 11. O-O O-O 12. e3 Bf5 13. Ne1 Ne6 14. d4 Ng5 15.
Bb2 Qd7 16. c5 Bh3 17. f4 Bxg2 18. fxg5 Bxf1 19. gxf6 Bc4 20. cxb6 Qf5 21. Ng2
axb6 22. Qd1 Qxf6 23. Qd2 Rfe8 24. a3 Re7 25. d5 Qf5 26. Qd4 Qd3 27. Rd1 Qxd4
28. Rxd4 Bb5 29. Rg4 Bd3 30. dxc6 bxc6 31. Rd4 Ba6 32. Rxd6 Bb7 33. Kf2 Rae8
34. Nd1 Re6 35. Rd7 R8e7 36. Rxe7 Rxe7 37. Nf4 Rd7 38. Ke1 f6 39. Bd4 b5 40.
Nc3 Re7 41. Kd2 Bc8 42. Kc2 Kf7 43. e4 Bg4 44. Nd3 Rd7 45. Bf2 g5 46. Nc5 Re7
47. Bd4 h5 48. Nd1 Bf3 49. Nc3 Re8 50. Nb7 Kg6 51. Nd6 Rd8 52. Bc5 Rh8 53. Nb7
h4 54. Na5 hxg3 55. hxg3 Rh2+ 56. Kd3 Rh3 57. Bd6 Rh1 58. Nxc6 Ra1 59. Nd4 Bg2
60. Ndxb5 1-0

[Event "198th YMCA Spring A"]
[Site "Warsaw"]
[Date "2018.05.30"]
[Round "9"]
[White "Kaminski, Jan"]
[Black "Borowy, Cezary"]
[Result "1-0"]
[WhiteElo "1934"]
[BlackElo "2013"]
[PlyCount "87"]
[EventDate "2018.04.06"]
[EventType "tourn"]
[EventRounds "1"]
[EventCountry "POL"]
[SourceDate "2018.04.06"]

1. e4 c5 2. Nf3 g6 3. d4 cxd4 4. Nxd4 Nc6 5. c4 Nf6 6. Nc3 d6 7. Be2 Nxd4 8.
Qxd4 Bg7 9. Be3 O-O 10. Qd2 a5 11. a4 Be6 12. f3 Nd7 13. O-O Rc8 14. b3 Nc5 15.
Bd1 b6 16. Bc2 Qc7 17. Rad1 Rfd8 18. Nd5 Bxd5 19. exd5 e5 20. dxe6 fxe6 21. Bf4
Qf7 22. Rfe1 Bc3 23. Qxc3 Qxf4 24. Rd4 Qf6 25. Qd2 e5 26. Rg4 Ne6 27. h4 Nf4
28. Be4 Kh8 29. Rd1 Rc7 30. Qe3 Rc5 31. Kf1 Rd7 32. g3 Ne6 33. Qh6 Nf8 34. h5
Qg7 35. Qe3 Kg8 36. Bd5+ Kh8 37. Kg2 Qf6 38. hxg6 Nxg6 39. Rh1 Rg7 40. Qh6 Rcc7
41. Rh5 Rce7 42. Be4 Ref7 43. Rxg6 Rxg6 44. Qxg6 1-0

[Event "198th YMCA Spring A"]
[Site "Warsaw"]
[Date "2018.06.01"]
[Round "9"]
[White "Moskwinski, Marek"]
[Black "Delega, Tomasz"]
[Result "0-1"]
[WhiteElo "1855"]
[BlackElo "1982"]
[PlyCount "50"]
[EventDate "2018.04.06"]
[EventType "tourn"]
[EventRounds "1"]
[EventCountry "POL"]
[SourceDate "2018.04.06"]

1. e4 Nf6 2. e5 Nd5 3. d4 d6 4. c4 Nb6 5. exd6 exd6 6. Nc3 Be7 7. Bd3 Nc6 8.
Nge2 Bg4 9. f3 Bh5 10. O-O Bf6 11. Be3 Bg6 12. Ne4 O-O 13. Qd2 Be7 14. d5 Ne5
15. Bxb6 axb6 16. Nf4 Bxe4 17. fxe4 Bg5 18. g3 Bh6 19. b3 Ra3 20. Rf2 Qa8 21.
Qe2 Rxb3 22. Raf1 Rc3 23. Bb1 g6 24. Nd3 Nxc4 25. e5 Be3 0-1

[Event "198th YMCA Spring A"]
[Site "Warsaw"]
[Date "2018.06.08"]
[Round "10"]
[White "Choroszej, Aleksander"]
[Black "Kaczmarska, Joanna"]
[Result "1/2-1/2"]
[WhiteElo "1993"]
[BlackElo "1976"]
[PlyCount "192"]
[EventDate "2018.06.07"]
[EventType "tourn"]
[EventRounds "1"]
[EventCountry "POL"]
[SourceDate "2018.04.06"]

1. d4 Nf6 2. c4 g6 3. Nc3 d5 4. cxd5 Nxd5 5. e4 Nxc3 6. bxc3 Bg7 7. Nf3 c5 8.
Rb1 Qa5 9. Rb5 Qxa2 10. Rxc5 Nd7 11. Rb5 O-O 12. Bd3 e5 13. d5 b6 14. Rb3 Qa4
15. Ba3 Ba6 16. Bxa6 Qxa6 17. Bxf8 Rxf8 18. Qe2 Qa4 19. Rb1 Rc8 20. O-O Rxc3
21. Ra1 Ra3 22. Rxa3 Qxa3 23. Qb5 Qe7 24. Ra1 Nc5 25. Qc6 Bf8 26. d6 Qxd6 27.
Qxd6 Bxd6 28. Rxa7 Nxe4 29. Rb7 Bc5 30. Nxe5 Nxf2 31. Kf1 f5 32. Nd7 Ne4 33.
Nxb6 Bd6 34. g3 f4 35. gxf4 Nc5 36. Ra7 Bxf4 37. Kg2 Nd3 38. Nd5 Bg5 39. Kf3
Nc5 40. Kg4 Ne6 41. h4 Bd8 42. Kg3 Kh8 43. Rd7 Kg8 44. Kg4 h5+ 45. Kg3 g5 46.
hxg5 Bxg5 47. Rb7 Nd4 48. Kh3 Nf5 49. Nc3 Nd6 50. Rd7 Nf7 51. Ne4 Bh6 52. Nf6+
Kg7 53. Nxh5+ Kg6 54. Ng3 Bf4 55. Ne2 Bg5 56. Rb7 Be3 57. Rb3 Bc5 58. Ng3 Bd6
59. Rb6 Kf6 60. Ne2 Ke5 61. Kg4 Bc5 62. Rb5 Kd5 63. Nf4+ Kc4 64. Rb7 Nd6 65.
Rb1 Be3 66. Ne6 Kd5 67. Nd8 Nc4 68. Rd1+ Ke4 69. Ne6 Ne5+ 70. Kg3 Kf5 71. Nc7
Bf4+ 72. Kg2 Nc4 73. Rd7 Bxc7 74. Rxc7 Ne3+ 75. Kf3 Nd5 76. Rh7 Nf6 77. Rh4 Ke5
78. Ra4 Nd5 79. Rc4 Nf6 80. Ke2 Nd5 81. Rh4 Nf4+ 82. Kf3 Nd5 83. Rc4 Nf6 84.
Ra4 Nd5 85. Re4+ Kf5 86. Rd4 Ke5 87. Rd3 Nf6 88. Re3+ Kd4 89. Re6 Nd5 90. Re4+
Kd3 91. Ra4 Nc3 92. Ra8 Kd4 93. Rd8+ Nd5 94. Re8 Nf6 95. Re1 Nd5 96. Re4+ Kd3
$11 1/2-1/2

[Event "198th YMCA Spring A"]
[Site "Warsaw"]
[Date "2018.06.07"]
[Round "10"]
[White "Majek, Kacper"]
[Black "Kaminski, Jan"]
[Result "0-1"]
[WhiteElo "1939"]
[BlackElo "1934"]
[PlyCount "98"]
[EventDate "2018.06.07"]
[EventType "tourn"]
[EventRounds "1"]
[EventCountry "POL"]
[SourceDate "2018.04.06"]

1. Nf3 g6 2. g3 Bg7 3. Bg2 e5 4. d3 Ne7 5. e4 O-O 6. O-O Nbc6 7. c3 h6 8. Re1
d5 9. Nbd2 Be6 10. Qe2 d4 11. Nb3 Qd6 12. cxd4 Nxd4 13. Nbxd4 exd4 14. Bf4 Qb6
15. Rec1 c5 16. h4 Rac8 17. Ne5 Rfd8 18. Bf3 Qa6 19. b3 b5 20. Qd2 Kh7 21. Kg2
f6 22. Ng4 g5 23. Nxf6+ Bxf6 24. hxg5 hxg5 25. Bxg5 Bf7 26. Rh1+ Kg7 27. Rh6
Bg6 28. Bh5 Rh8 29. Bg4 Bxg5 30. Qxg5 Qf6 31. Qxf6+ Kxf6 32. Rxh8 Rxh8 33. Rc1
Nc6 34. Rxc5 Nb4 35. Be2 Nxa2 36. f4 Nc3 37. Bg4 a5 38. e5+ Kg7 39. Rc7+ Kh6
40. Rc6 Kg7 41. f5 Bh7 42. Rc7+ Kh6 43. Rc6+ Kg5 44. f6 Kxg4 45. f7 Bxd3 46. e6
Be4+ 47. Kf1 Kf3 48. Ke1 Rh1+ 49. Kd2 Rd1# 0-1